000 00930nam a2200265Ia 4500
001 21925
005 20260320113325.0
008 260320s9999||||xx |||||||||||||| ||und||
041 _aESP
082 _a343.2C13
_bU61
100 _a
_e
110 _aUniversidad Católica de Santa María. Facultad de Ciencias Jurídicas y Políticas
245 0 _aEnsayos sobre la Constitución política de 1993
_b
246 _a
_5
_b
250 _aPrimera edición
260 _aArequipa :
_bFacultad de Ciencias Jurídicas y Políticas de la Universidad Católica de Santa María,
_c1996
300 _a193 páginas :
_b
_c20 cm.
_e
440 _a
_n
_v
650 _aDER
653 _aDerecho constitucional - Perú - Ensayos
654 _aDER
700 _a
_c
856 _uhttps://0u219lrii-y-https-legal-legis-com-pe.itmsp.museknowledge.com/home/Corporativo
_zVéase además: Base de datos Multilegis
942 _cLIB
_dJUS
_fMAT
_2ddc
_n
999 _c21925
_d21925